MARC

LEADER 00000nam0a2200000 4500
001 277304
005 20231101235014.0
035 |a (RuTPU)RU\TPU\book\300577 
090 |a 277304 
100 |a 20141201d1981 km y0rusy50 ca 
101 0 |a rus 
102 |a RU 
105 |a a z 001zy 
200 1 |a Использование высших производных при обработке и интерпретации результатов геофизических наблюдений  |f А. К. Маловичко, О. Л. Тарунина 
210 |a Москва  |c Недра  |d 1981 
215 |a 184 с.  |c ил. 
320 |a Библиогр.: с. 180-184. 
606 1 |a Геофизика промысловая  |2 stltpush  |3 (RuTPU)RU\TPU\subj\51479  |9 70072 
610 1 |a конечно-разностные формулы 
610 1 |a полиномы 
610 1 |a многочлены 
610 1 |a производные 
610 1 |a вычисление 
610 1 |a условные формулы 
610 1 |a погрешности 
610 1 |a ЭВМ 
610 1 |a применение 
610 1 |a палетки 
610 1 |a гравитационные аномалии 
610 1 |a интерпретация 
610 1 |a дифференцирование 
610 1 |a магниторазведка 
610 1 |a электроразведка 
610 1 |a сейсморазведка 
675 |a 550.83  |v 3 
700 1 |a Маловичко  |b А. К.  |g Александр Кириллович 
701 1 |a Тарунина  |b О. Л.  |g Ольга Леонидовна 
801 1 |a RU  |b 63413507  |c 20141201 
801 2 |a RU  |b 63413507  |c 20151030  |g RCR 
942 |c BK